000 00713nam a22002297a 4500
003 DO-SdBNP
005 20180118093701.0
008 151112b 1972 sp ||||| |||| 00| 0 spa d
040 _aBPMSU
_bspa
_cBPMSU
092 _axxxxx
_bxxxxx
100 1 _aBaroja y Nessi, Pío,
_d1872-1956.
245 1 0 _aLa casa de Aizgorri :
_cnovela en siete jornadas /
_6Pío Baroja.
250 _a7a ed.
260 _aMadrid :
_bEspasa-Calpe,
_c1972.
300 _a159 p. ;
_c18 cm.
490 1 _aAustral
_v365
500 _aIncluye datos biográficos del autor en la solapa de la cubierta.
830 0 _aAustral ;
_n365
942 _2ddc
_cBK
945 _aInventariado, 2018 /LP
956 _aLOPEREZ
_b10
_c20180118
_d0041
999 _c8682
_d8682